[Event "Athens Chess Square op"]
[Site "Athens"]
[Date "2016.05.04"]
[Round "4"]
[White "Zygouris, Hristos"]
[Black "Kotronias, Vasilios"]
[Result "0-1"]
[WhiteElo "2186"]
[BlackElo "2544"]
[PlyCount "176"]
[EventDate "2016.05.02"]
[EventType "swiss"]
[EventRounds "7"]
[EventCountry "GRE"]
[SourceTitle "CBM 172 Extra"]
[Source "ChessBase"]
[SourceDate "2016.06.21"]
[SourceVersion "1"]
[SourceVersionDate "2016.06.21"]
[SourceQuality "1"]

1. c4 g6 2. g3 Bg7 3. Bg2 Nf6 4. Nc3 0-0 5. d4 d6 6. e3 e5 7. Nge2 c6 8. 0-0 a5 9. b3 Na6 10. Bb2 Qc7 11. a3 Bd7 12. Qc2 h5 13. Rfd1 Rfe8 14. dxe5 dxe5 15. Na4 h4 16. c5 Bf5 17. e4 Be6 18. Qc3 Rad8 19. b4 axb4 20. axb4 Rxd1+ 21. Rxd1 Rd8 22. Rd2 Bh6 23. f4 hxg3 24. hxg3 Bg4 25. Qxe5 Rxd2 26. Qxf6 Rxb2 27. Qxb2 Bxe2 28. Qxe2 Nxb4 29. Qc4 Qa5 30. Nb6 Nd3 31. Qxd3 Qxc5+ 32. Kh2 Qxb6 33. Qd7 Bf8 34. e5 Qb4 35. e6 Qe7 36. exf7+ Kxf7 37. Qc8 Kf6 38. Qg4 Qe6 39. Qf3 Bd6 40. Qc3+ Kf7 41. Qb2 Qe7 42. Qh8 Qf8 43. Qh7+ Qg7 44. Qh3 Ke7 45. Qc8 Qb2 46. Qg8 Qb1 47. Qc8 Qb3 48. Bh3 Qb2+ 49. Bg2 Qb1 50. Bh3 Qc2+ 51. Bg2 Qb2 52. Qg8 Qb1 53. Qc8 g5 54. fxg5 Qb3 55. Qg4 Qe6 56. Qd4 Qe5 57. Qg4 Qe6 58. Qd4 Qg6 59. Qg4 Kd8 60. Be4 Qg7 61. Qf5 Qe5 62. Qg4 Kc7 63. g6 Bf8 64. Qf3 Bg7 65. Qf7+ Kb8 66. Qg8+ Ka7 67. Qa2+ Kb6 68. Qb3+ Qb5 69. Qf3 Qb2+ 70. Kh3 Qc3 71. Qf7 Be5 72. Qf3 Qe1 73. Qb3+ Kc5 74. Bg2 Qc3 75. Qxc3+ Bxc3 76. Kg4 b5 77. Kf5 b4 78. Ke6 b3 79. Be4 Bh8 80. Kf7 Kd4 81. Bf5 c5 82. g7 Bxg7 83. Kxg7 c4 84. Be6 b2 85. Bf5 c3 86. g4 Ke3 87. g5 Kd2 88. g6 c2 0-1

[Event "Thessaloniki Vardaris op 2nd"]
[Site "Thessaloniki"]
[Date "2016.03.13"]
[Round "6"]
[White "Zygouris, Hristos"]
[Black "Radovanovic, Jovica"]
[Result "0-1"]
[WhiteElo "2201"]
[BlackElo "2300"]
[PlyCount "74"]
[EventDate "2016.03.10"]
[EventType "swiss"]
[EventRounds "7"]
[EventCountry "GRE"]
[SourceTitle "CBM 171 Extra"]
[Source "ChessBase"]
[SourceDate "2016.04.26"]
[SourceVersion "1"]
[SourceVersionDate "2016.04.26"]
[SourceQuality "1"]

1. d4 Nf6 2. Bf4 g6 3. e3 Bg7 4. Nf3 0-0 5. Be2 d6 6. h3 c5 7. Nbd2 Nc6 8. c3 cxd4 9. exd4 e5 10. dxe5 dxe5 11. Nxe5 Nd5 12. Nxc6 bxc6 13. Bg3 Re8 14. 0-0 Bxc3 15. Nc4 Bxb2 16. Nxb2 Nc3 17. Qxd8 Nxe2+ 18. Kh2 Rxd8 19. Bh4 Rd5 20. Rfd1 Ba6 21. Rxd5 cxd5 22. Rd1 d4 23. Bf6 Rb8 24. Na4 Rc8 25. Rd2 d3 26. Be7 Rc2 27. Bb4 Bb5 28. Nb2 f5 29. Nd1 f4 30. h4 Kf7 31. Nb2 Kf6 32. g3 Kf5 33. gxf4 Ke4 34. Kg2 Nxf4+ 35. Kg3 Ne2+ 36. Kg2 Nc3 37. Bxc3 Rxc3 0-1

[Event "Nikaia op 23rd"]
[Site "Nikaia"]
[Date "2015.09.03"]
[Round "8"]
[White "Kapnisis, Spyridon"]
[Black "Zygouris, Hristos"]
[Result "1-0"]
[WhiteElo "2455"]
[BlackElo "2210"]
[PlyCount "47"]
[EventDate "2015.08.26"]
[EventType "swiss"]
[EventRounds "9"]
[EventCountry "GRE"]
[SourceTitle "EXT 2016"]
[Source "ChessBase"]
[SourceDate "2015.10.08"]
[SourceVersion "1"]
[SourceVersionDate "2015.10.08"]
[SourceQuality "1"]

1. e4 e5 2. Nf3 Nf6 3. Nc3 Nc6 4. Be2 d5 5. exd5 Nxd5 6. 0-0 Nxc3 7. bxc3 Bd6 8. d3 0-0 9. Ng5 Be7 10. Ne4 f5 11. Ng3 Be6 12. f4 exf4 13. Bxf4 g5 14. Bd2 Ne5 15. d4 Ng6 16. Bd3 Nh4 17. Qe2 Qd5 18. Rae1 Rf7 19. Rf2 f4 20. Nh5 f3 21. Qxe6 Qxe6 22. Rxe6 fxg2 23. Rxf7 Kxf7 24. Rxe7+ 1-0

[Event "Nikaia op 23rd"]
[Site "Nikaia"]
[Date "2015.08.31"]
[Round "5"]
[White "Zygouris, Hristos"]
[Black "Santorinaios, Hristodoulos"]
[Result "1-0"]
[WhiteElo "2210"]
[BlackElo "1919"]
[PlyCount "99"]
[EventDate "2015.08.26"]
[EventType "swiss"]
[EventRounds "9"]
[EventCountry "GRE"]
[SourceTitle "EXT 2016"]
[Source "ChessBase"]
[SourceDate "2015.10.08"]
[SourceVersion "1"]
[SourceVersionDate "2015.10.08"]
[SourceQuality "1"]

1. b3 d6 2. Bb2 Nd7 3. f4 Ngf6 4. Nf3 g6 5. e4 Bg7 6. Qe2 0-0 7. d4 d5 8. e5 Ne4 9. Nbd2 Nxd2 10. Qxd2 Nb6 11. Bd3 Bg4 12. 0-0 e6 13. h3 Bxf3 14. Rxf3 Qd7 15. g4 f5 16. exf6 Rxf6 17. Raf1 Raf8 18. Ba3 Re8 19. f5 exf5 20. gxf5 gxf5 21. Bxf5 Qf7 22. Qd3 Qh5 23. Bxh7+ Kh8 24. Bf5 Bh6 25. Bg4 Rxf3 26. Qxf3 Qg5 27. Bc1 Qg7 28. Bxh6 Qxh6 29. Qf6+ Qxf6 30. Rxf6 Kg7 31. Re6 Rxe6 32. Bxe6 Kf6 33. Bg4 Kg5 34. Kf2 Kf4 35. Ke2 Ke4 36. c3 a5 37. h4 Kf4 38. Be6 c6 39. Kd2 a4 40. Kd3 axb3 41. axb3 Na8 42. Bc8 b5 43. Bb7 Nc7 44. Bxc6 Kg4 45. Ke3 Kf5 46. Bd7+ Kf6 47. Kf4 b4 48. cxb4 Na8 49. h5 Nb6 50. Bf5 1-0

[Event "Nikaia op 23rd"]
[Site "Nikaia"]
[Date "2015.08.28"]
[Round "2"]
[White "Zygouris, Hristos"]
[Black "Alexakis, Georgios"]
[Result "0-1"]
[WhiteElo "2210"]
[BlackElo "1907"]
[PlyCount "77"]
[EventDate "2015.08.26"]
[EventType "swiss"]
[EventRounds "9"]
[EventCountry "GRE"]
[SourceTitle "EXT 2016"]
[Source "ChessBase"]
[SourceDate "2015.10.08"]
[SourceVersion "1"]
[SourceVersionDate "2015.10.08"]
[SourceQuality "1"]

1. Nf3 Nf6 2. g3 g6 3. Bg2 Bg7 4. c4 c5 5. Nc3 Nc6 6. d4 cxd4 7. Nxd4 Nxd4 8. Qxd4 0-0 9. 0-0 d6 10. Qd3 a6 11. Be3 Bf5 12. Qd2 Qc7 13. b3 Rfc8 14. Rac1 Rab8 15. Ba7 Ra8 16. Bd4 Be6 17. f4 Rab8 18. e4 Qa5 19. f5 Bd7 20. Qe2 Bc6 21. e5 dxe5 22. Bxe5 Qc5+ 23. Kh1 Bxg2+ 24. Kxg2 Ra8 25. fxg6 hxg6 26. Bxf6 Bxf6 27. Nd5 Rc6 28. Qf3 Rf8 29. Rce1 Kg7 30. h4 b5 31. Nxe7 Bxe7 32. Rxe7 Qxe7 33. Qxc6 Rd8 34. cxb5 axb5 35. a4 bxa4 36. bxa4 Rd2+ 37. Rf2 Rxf2+ 38. Kxf2 Qb4 39. Qb5 0-1

[Event "Las Vegas Millionaire op"]
[Site "Las Vegas"]
[Date "2014.10.12"]
[Round "7"]
[White "Kavutskiy, Konstantin"]
[Black "Zygouris, Hristos"]
[Result "0-1"]
[WhiteElo "2307"]
[BlackElo "2200"]
[PlyCount "98"]
[EventDate "2014.10.09"]
[EventType "swiss"]
[EventRounds "9"]
[EventCountry "USA"]
[SourceTitle "CBM 162 Extra"]
[Source "ChessBase"]
[SourceDate "2014.10.17"]
[SourceVersion "1"]
[SourceVersionDate "2014.10.17"]
[SourceQuality "1"]

1. d4 Nf6 2. c4 e6 3. Nf3 d5 4. Nc3 Nbd7 5. Bf4 dxc4 6. e4 Bb4 7. Nd2 Nb6 8. a3 Ba5 9. Be5 0-0 10. f3 Nh5 11. Nxc4 Nxc4 12. Bxc4 f6 13. Bg3 Nxg3 14. hxg3 Qd6 15. f4 Bb6 16. Nb5 Qe7 17. d5 Rd8 18. f5 Qc5 19. Qe2 exd5 20. exd5 Bxf5 21. b4 Qf8 22. 0-0-0 Kh8 23. Bd3 Bxd3 24. Qxd3 h6 25. Rhe1 a5 26. d6 cxd6 27. Qd5 Rac8+ 28. Kb2 Rc6 29. Re6 axb4 30. axb4 Qf7 31. Rde1 Qg6 32. R6e4 Bf2 33. R1e2 Bxg3 34. Nd4 Be5 35. Rxe5 fxe5 36. Nxc6 bxc6 37. Qxc6 Qg4 38. Qe4 Qxe4 39. Rxe4 Kg8 40. Kb3 Kf7 41. b5 Ke6 42. Kb4 d5 43. Re1 d4 44. b6 Kd5 45. Kb5 d3 46. b7 d2 47. Rd1 Ke4 48. Kc6 Ke3 49. Kc7 Rf8 0-1

[Event "Las Vegas Millionaire op"]
[Site "Las Vegas"]
[Date "2014.10.11"]
[Round "6"]
[White "Zygouris, Hristos"]
[Black "Altounian, Levon"]
[Result "0-1"]
[WhiteElo "2200"]
[BlackElo "2438"]
[PlyCount "104"]
[EventDate "2014.10.09"]
[EventType "swiss"]
[EventRounds "9"]
[EventCountry "USA"]
[SourceTitle "CBM 162 Extra"]
[Source "ChessBase"]
[SourceDate "2014.10.17"]
[SourceVersion "1"]
[SourceVersionDate "2014.10.17"]
[SourceQuality "1"]

1. Nf3 d6 2. d4 Bg4 3. c4 Nd7 4. Nc3 e5 5. d5 Bxf3 6. exf3 Be7 7. f4 exf4 8. Bxf4 Bf6 9. Qd2 Ne7 10. g4 h5 11. g5 Be5 12. 0-0-0 Bxf4 13. Qxf4 Ne5 14. Qe4 Qd7 15. f4 N5g6 16. Bd3 0-0-0 17. c5 Qg4 18. Rhf1 dxc5 19. h3 Qh4 20. Rde1 f5 21. gxf6 gxf6 22. Qf3 Kb8 23. Re6 Rhg8 24. Qe3 f5 25. Bc4 Nc8 26. d6 cxd6 27. Bd5 Nge7 28. Bh1 Rg3 29. Rf3 Rdg8 30. Rxg3 Rxg3 31. Qe1 Rxh3 32. Bg2 Qxe1+ 33. Rxe1 Rg3 34. Bh1 h4 35. Ne2 Rg8 36. Kd2 h3 37. Bf3 Rh8 38. Rh1 Ng6 39. Ke3 Rh4 40. Kf2 Nxf4 41. Nxf4 Rxf4 42. Rxh3 Ne7 43. Ke3 Rb4 44. b3 Kc7 45. Rh7 Kd7 46. Kd3 a5 47. Kc3 a4 48. Bd5 axb3 49. axb3 b5 50. Bf3 Rf4 51. Be2 b4+ 52. Kd2 Ke6 0-1

[Event "GRE-ch 63rd"]
[Site "Athens"]
[Date "2014.04.05"]
[Round "8"]
[White "Zygouris, Hristos"]
[Black "Galopoulos, Nikolaos"]
[Result "1/2-1/2"]
[WhiteElo "2241"]
[BlackElo "2355"]
[PlyCount "86"]
[EventDate "2014.03.29"]
[EventType "tourn"]
[EventRounds "9"]
[EventCountry "GRE"]
[EventCategory "6"]
[SourceTitle "CBM 159 Extra"]
[Source "ChessBase"]
[SourceDate "2014.04.24"]
[SourceVersion "1"]
[SourceVersionDate "2014.04.24"]
[SourceQuality "1"]

1. Nf3 Nf6 2. g3 d5 3. Bg2 c6 4. 0-0 Bg4 5. c4 Bxf3 6. Bxf3 e6 7. d3 Nbd7 8. cxd5 exd5 9. Nc3 d4 10. Ne4 Nd5 11. Bg2 Be7 12. Nd2 0-0 13. Bxd5 cxd5 14. Nf3 Bf6 15. Qb3 Nc5 16. Qb4 Rc8 17. Bf4 Re8 18. Rac1 b6 19. Qd2 h6 20. h4 Qd7 21. Kg2 Qf5 22. Bd6 Re6 23. Bf4 Rce8 24. Rfe1 a5 25. Bc7 Rc8 26. Qf4 Qxf4 27. Bxf4 Rec6 28. Kf1 Kf8 29. Rc2 Na6 30. Rxc6 Rxc6 31. Rc1 Rxc1+ 32. Bxc1 Nb4 33. a4 Na6 34. Bf4 Ke7 35. g4 g6 36. g5 hxg5 37. hxg5 Bg7 38. b3 Nc5 39. Bc7 Nxb3 40. Bxb6 Kd6 41. Ke1 Kc6 42. Bd8 Kd7 43. Bb6 Kc6 1/2-1/2

[Event "Athens Kaisariani op 1st"]
[Site "Athens"]
[Date "2013.12.28"]
[Round "7"]
[White "Zygouris, Hristos"]
[Black "Mitrandzas, Athanasios"]
[Result "0-1"]
[WhiteElo "2237"]
[BlackElo "2097"]
[PlyCount "108"]
[EventDate "2013.12.21"]
[EventType "swiss"]
[EventRounds "9"]
[EventCountry "GRE"]
[SourceTitle "EXT 2015"]
[Source "ChessBase"]
[SourceDate "2014.11.20"]
[SourceVersion "1"]
[SourceVersionDate "2014.11.20"]
[SourceQuality "1"]

1. d4 Nf6 2. c4 e6 3. Nf3 c5 4. d5 exd5 5. cxd5 d6 6. Nc3 g6 7. Bf4 a6 8. a4 Bg7 9. h3 0-0 10. e3 Qc7 11. Be2 Re8 12. Nd2 Nbd7 13. Nc4 Bf8 14. 0-0 Nb6 15. Na3 Ne4 16. a5 Nd7 17. Qa4 Ndf6 18. Nxe4 Rxe4 19. Qc2 Rb4 20. Qd2 Ne4 21. Qc1 Qxa5 22. f3 Nf6 23. e4 Qd8 24. Nc4 b5 25. Na5 Ra4 26. Rxa4 bxa4 27. Nc4 Rb8 28. Rd1 Rb3 29. Bg5 h6 30. Bxh6 Bxh6 31. Qxh6 Nh5 32. f4 Rg3 33. f5 Qh4 34. Nxd6 Rxg2+ 35. Kxg2 Nf4+ 36. Qxf4 Qxf4 37. Nxc8 Qxe4+ 38. Bf3 Qc2+ 39. Kg1 Qb3 40. Kf2 Qxb2+ 41. Be2 Qe5 42. fxg6 Qf5+ 43. Kg2 Qxc8 44. d6 fxg6 45. d7 Qd8 46. Bg4 Kf7 47. Rd6 a5 48. Rd3 Ke7 49. Re3+ Kd6 50. Ra3 Qa8+ 51. Kg3 Kc7 52. Rxa4 Qc6 53. Rxa5 Qd6+ 54. Kf3 Qd3+ 0-1

[Event "Athens Kaisariani op 1st"]
[Site "Athens"]
[Date "2013.12.27"]
[Round "6"]
[White "Nikolaou, Georgios"]
[Black "Zygouris, Hristos"]
[Result "0-1"]
[WhiteElo "2278"]
[BlackElo "2237"]
[PlyCount "175"]
[EventDate "2013.12.21"]
[EventType "swiss"]
[EventRounds "9"]
[EventCountry "GRE"]
[SourceTitle "EXT 2015"]
[Source "ChessBase"]
[SourceDate "2014.11.20"]
[SourceVersion "1"]
[SourceVersionDate "2014.11.20"]
[SourceQuality "1"]

1. d4 Nf6 2. Nf3 g6 3. c4 Bg7 4. g3 d5 5. cxd5 Nxd5 6. Bg2 Nc6 7. 0-0 0-0 8. Nc3 Bf5 9. Nh4 Be6 10. e3 Nxc3 11. bxc3 Bd5 12. Nf3 Na5 13. Qa4 b6 14. Re1 Be4 15. Nd2 Bxg2 16. Kxg2 Qe8 17. Qb4 c5 18. Qb1 cxd4 19. cxd4 Qa4 20. Nb3 Rac8 21. Nxa5 Qxa5 22. Bb2 Rc4 23. Qd3 Rfc8 24. Qa3 Qb5 25. Rab1 Rc2 26. Qb3 Qf5 27. Rf1 h5 28. Kg1 h4 29. e4 Qxe4 30. Rbe1 Re2 31. Rxe2 Qxe2 32. Ba3 Qe4 33. Qe3 Qxe3 34. fxe3 hxg3 35. Bxe7 gxh2+ 36. Kxh2 Rc2+ 37. Kg3 Rxa2 38. Rd1 Bf8 39. Bf6 Bd6+ 40. Kf3 Kf8 41. Rh1 Ke8 42. Rh8+ Kd7 43. d5 Be7 44. Be5 Ra5 45. e4 Ra3+ 46. Kf4 Bd6 47. Bxd6 Kxd6 48. Rd8+ Ke7 49. Rb8 Ra4 50. Ke3 f5 51. exf5 gxf5 52. Kd3 Kd6 53. Rf8 Ke5 54. Kc3 f4 55. Rd8 f3 56. d6 Ke6 57. Rf8 Kxd6 58. Kb3 Rd4 59. Rxf3 Kc5 60. Rf5+ Rd5 61. Rf7 a5 62. Ka4 Rd4+ 63. Kb3 b5 64. Rc7+ Kb6 65. Rc8 Rd3+ 66. Kc2 Rf3 67. Kb2 a4 68. Rg8 Ka5 69. Rg5 Rf4 70. Rh5 Kb4 71. Rh2 a3+ 72. Ka2 Ka4 73. Rh8 Rf2+ 74. Kb1 b4 75. Rh4 Rb2+ 76. Ka1 Rc2 77. Kb1 Rb2+ 78. Ka1 Rd2 79. Kb1 Kb3 80. Rh3+ Kc4 81. Rh8 Kc3 82. Rc8+ Kb3 83. Rc1 a2+ 84. Ka1 Rc2 85. Rd1 Rc3 86. Re1 Kc2 87. Rg1 Rd3 88. Kxa2 0-1

[Event "Athens Kaisariani op 1st"]
[Site "Athens"]
[Date "2013.12.23"]
[Round "4"]
[White "Anagnostopoulos, Konstantinos"]
[Black "Zygouris, Hristos"]
[Result "0-1"]
[WhiteElo "2151"]
[BlackElo "2237"]
[PlyCount "80"]
[EventDate "2013.12.21"]
[EventType "swiss"]
[EventRounds "9"]
[EventCountry "GRE"]
[SourceTitle "EXT 2015"]
[Source "ChessBase"]
[SourceDate "2014.11.20"]
[SourceVersion "1"]
[SourceVersionDate "2014.11.20"]
[SourceQuality "1"]

1. d4 Nf6 2. c4 e6 3. Nc3 d5 4. Nf3 Bb4 5. Qa4+ Nc6 6. e3 0-0 7. Bd2 dxc4 8. Bxc4 a6 9. a3 Bd6 10. b4 Bd7 11. Qc2 b5 12. Bd3 e5 13. Ne4 exd4 14. exd4 h6 15. 0-0 Rc8 16. Nc5 Bg4 17. Be3 Bxf3 18. gxf3 Nd5 19. Ne4 Qh4 20. Nxd6 cxd6 21. Bh7+ Kh8 22. Qe4 Qxe4 23. Bxe4 Nce7 24. Bd2 Rc4 25. Be3 f5 26. Bd3 Rc3 27. Rfd1 Ng6 28. Bc1 Nh4 29. f4 Nf3+ 30. Kh1 g6 31. Bf1 Re8 32. a4 Nxb4 33. axb5 axb5 34. Bxb5 Re4 35. d5 Kg8 36. Ra8+ Kf7 37. Ra7+ Re7 38. Ra3 Nxd5 39. Rxc3 Nxc3 40. Rg1 Ne2 0-1

[Event "Athens Kaisariani op 1st"]
[Site "Athens"]
[Date "2013.12.21"]
[Round "1"]
[White "Zygouris, Hristos"]
[Black "Diatsintos, Ilias"]
[Result "1-0"]
[WhiteElo "2237"]
[BlackElo "1535"]
[PlyCount "33"]
[EventDate "2013.12.21"]
[EventType "swiss"]
[EventRounds "9"]
[EventCountry "GRE"]
[SourceTitle "EXT 2015"]
[Source "ChessBase"]
[SourceDate "2014.11.20"]
[SourceVersion "1"]
[SourceVersionDate "2014.11.20"]
[SourceQuality "1"]

1. e4 d6 2. d4 g6 3. Nc3 c6 4. Nf3 Bg7 5. h3 Nf6 6. Be3 Qc7 7. Bd3 e5 8. 0-0 b6 9. Qd2 Nbd7 10. Rfd1 0-0 11. dxe5 dxe5 12. a4 a5 13. Bc4 Bb7 14. Qd6 Qxd6 15. Rxd6 h6 16. Rad1 Rfe8 17. Rxd7 1-0

[Event "Isthmia op 3rd"]
[Site "Vrachati"]
[Date "2013.08.24"]
[Round "8"]
[White "Zygouris, Hristos"]
[Black "Stamos, Filippos"]
[Result "1-0"]
[WhiteElo "2220"]
[BlackElo "2048"]
[PlyCount "43"]
[EventDate "2013.08.18"]
[EventType "swiss"]
[EventRounds "9"]
[EventCountry "GRE"]
[SourceTitle "CBM 156 Extra"]
[Source "ChessBase"]
[SourceDate "2013.10.22"]
[SourceVersion "1"]
[SourceVersionDate "2013.10.22"]
[SourceQuality "1"]

1. b3 d5 2. Bb2 Nf6 3. e3 c6 4. f4 Bg4 5. Nf3 Nbd7 6. h3 Bxf3 7. Qxf3 Qc7 8. g4 e5 9. g5 Ne4 10. d3 Nec5 11. fxe5 Nxe5 12. Qg2 Ne6 13. Nd2 0-0-0 14. h4 d4 15. exd4 Nxd4 16. 0-0-0 Qa5 17. c3 Nb5 18. d4 Qxa2 19. Bxb5 Ba3 20. Nb1 Qxb3 21. Nxa3 cxb5 22. dxe5 1-0

[Event "Isthmia op 3rd"]
[Site "Vrachati"]
[Date "2013.08.22"]
[Round "6"]
[White "Zygouris, Hristos"]
[Black "Anagnostopoulos, Konstantinos"]
[Result "0-1"]
[WhiteElo "2220"]
[BlackElo "2097"]
[PlyCount "100"]
[EventDate "2013.08.18"]
[EventType "swiss"]
[EventRounds "9"]
[EventCountry "GRE"]
[SourceTitle "CBM 156 Extra"]
[Source "ChessBase"]
[SourceDate "2013.10.22"]
[SourceVersion "1"]
[SourceVersionDate "2013.10.22"]
[SourceQuality "1"]

1. Nf3 Nf6 2. c4 g6 3. Nc3 d5 4. cxd5 Nxd5 5. Qb3 Nb6 6. d4 Be6 7. Qa3 Bg4 8. Bg5 Nc6 9. e3 Bxf3 10. gxf3 e5 11. Bxd8 Bxa3 12. Bf6 Bxb2 13. Nb5 Bxa1 14. Bxh8 Ke7 15. Bg7 a6 16. Nxc7 Rc8 17. Nxa6 Bc3+ 18. Ke2 bxa6 19. Bh3 f5 20. Rb1 Nd5 21. Rb7+ Ke6 22. dxe5 Bxe5 23. Bxe5 Nxe5 24. f4 Nd7 25. Bg2 Nc3+ 26. Ke1 Ne4 27. Rb2 Rc1+ 28. Ke2 Ndc5 29. f3 Nd6 30. Bf1 Nc4 31. Rb8 Rc2+ 32. Ke1 Rc1+ 33. Kf2 Nd6 34. Rb6 Rc2+ 35. Kg3 a5 36. h4 Kd5 37. h5 gxh5 38. Kh4 Rf2 39. Bh3 Rxa2 40. Kxh5 Rh2 41. Kh4 Re2 42. e4+ fxe4 43. fxe4+ Ncxe4 44. Ra6 Ra2 45. Bd7 Rh2+ 46. Bh3 Nf5+ 47. Kh5 Rxh3+ 48. Kg4 Rg3+ 49. Kxf5 Nd6+ 50. Kf6 Rg6+ 0-1

[Event "Isthmia op 3rd"]
[Site "Vrachati"]
[Date "2013.08.20"]
[Round "4"]
[White "Zygouris, Hristos"]
[Black "Banikas, Hristos"]
[Result "0-1"]
[WhiteElo "2220"]
[BlackElo "2618"]
[PlyCount "77"]
[EventDate "2013.08.18"]
[EventType "swiss"]
[EventRounds "9"]
[EventCountry "GRE"]
[SourceTitle "CBM 156 Extra"]
[Source "ChessBase"]
[SourceDate "2013.10.22"]
[SourceVersion "1"]
[SourceVersionDate "2013.10.22"]
[SourceQuality "1"]

1. d4 Nf6 2. Nc3 d5 3. Bg5 Nbd7 4. Qd3 h6 5. Bh4 c6 6. Nf3 Qa5 7. a3 e6 8. Nd2 Be7 9. Bxf6 Nxf6 10. Nb3 Qc7 11. e4 dxe4 12. Nxe4 0-0 13. g3 e5 14. Bg2 Rd8 15. 0-0 exd4 16. Nxf6+ Bxf6 17. Nc5 g6 18. Rfe1 Bf5 19. Qc4 b5 20. Qe2 Qb6 21. Nd3 Rac8 22. b4 Bxd3 23. cxd3 c5 24. Bh3 Rc7 25. Qf3 Kg7 26. bxc5 Rxc5 27. Rac1 Rc3 28. Qe4 Qc5 29. Rb1 Rb8 30. Qf4 Rf8 31. Qe4 Qb6 32. Qd5 Rb8 33. a4 b4 34. Qd7 b3 35. Bg2 b2 36. Bd5 Rc7 37. Qg4 Qa5 38. Bc4 Qxa4 39. Qe2 0-1

[Event "Heraklio op 16th"]
[Site "Athens"]
[Date "2013.06.16"]
[Round "1"]
[White "Paouris, Nikolaos"]
[Black "Zygouris, Hristos"]
[Result "0-1"]
[WhiteElo "1999"]
[BlackElo "2219"]
[PlyCount "48"]
[EventDate "2013.06.16"]
[EventType "swiss"]
[EventRounds "9"]
[EventCountry "GRE"]
[SourceTitle "CBM 155 Extra"]
[Source "ChessBase"]
[SourceDate "2013.08.26"]
[SourceVersion "1"]
[SourceVersionDate "2013.08.26"]
[SourceQuality "1"]

1. c4 f5 2. g3 Nf6 3. Bg2 g6 4. Nc3 Bg7 5. d3 d6 6. e4 fxe4 7. dxe4 c5 8. Nge2 Nc6 9. 0-0 0-0 10. b3 e5 11. Bg5 Nd4 12. Qd2 Be6 13. Nxd4 exd4 14. Nd5 Qd7 15. Bxf6 Bxf6 16. Rae1 Bg7 17. f4 Rae8 18. Qd3 a6 19. a4 Bxd5 20. exd5 Re3 21. Rxe3 dxe3 22. Re1 Bd4 23. Re2 Qg4 24. Be4 Rxf4 0-1

[Event "Gibraltar Masters 11th"]
[Site "Caleta"]
[Date "2013.01.28"]
[Round "7"]
[White "Kurmann, Oliver"]
[Black "Zygouris, Hristos"]
[Result "0-1"]
[WhiteElo "2456"]
[BlackElo "2218"]
[PlyCount "102"]
[EventDate "2013.01.22"]
[EventType "swiss"]
[EventRounds "10"]
[EventCountry "GGB"]
[SourceTitle "CBM 153"]
[Source "ChessBase"]
[SourceDate "2013.03.14"]
[SourceVersion "1"]
[SourceVersionDate "2013.03.14"]
[SourceQuality "1"]

1. e4 d5 2. exd5 Qxd5 3. Nc3 Qa5 4. d4 Nf6 5. Nf3 Bf5 6. Bc4 e6 7. Bd2 c6 8. Nd5 Qd8 9. Nxf6+ Qxf6 10. Qe2 Nd7 11. 0-0-0 Be7 12. Bg5 Qg6 13. Bxe7 Kxe7 14. Kb1 Rhd8 15. h3 h5 16. Nh4 Qg5 17. Nxf5+ Qxf5 18. d5 cxd5 19. Rxd5 Qg6 20. Rxh5 Nf6 21. Rh4 Qxg2 22. Qe1 Rd2 23. Rf1 Rad8 24. Bd3 a5 25. Rc4 Rd7 26. h4 b5 27. Rc5 Ne4 28. Rxb5 R2xd3 29. cxd3 Qxf1 30. Qxf1 Nd2+ 31. Kc2 Nxf1 32. Rxa5 Rd4 33. Ra7+ Kf6 34. Kc3 Rf4 35. b4 Rxf2 36. b5 Ne3 37. Kd4 Nd5 38. a4 Rf4+ 39. Kc5 Rxh4 40. a5 g5 41. b6 Rh1 42. b7 Rb1 43. a6 Nb4 44. Kb6 Nxd3+ 45. Kc6 Nb4+ 46. Kc7 g4 47. Ra8 g3 48. a7 Na6+ 49. Kc8 g2 50. b8Q Nxb8 51. Rxb8 Ra1 0-1

[Event "Gibraltar Challengers-A 11th"]
[Site "Caleta"]
[Date "2013.01.25"]
[Round "5"]
[White "Dolzhikova, Olga"]
[Black "Zygouris, Hristos"]
[Result "1/2-1/2"]
[WhiteElo "2261"]
[BlackElo "2218"]
[PlyCount "151"]
[EventDate "2013.01.21"]
[EventType "swiss"]
[EventRounds "5"]
[EventCountry "GGB"]
[SourceTitle "EXT 2014"]
[Source "ChessBase"]
[SourceDate "2013.11.20"]
[SourceVersion "1"]
[SourceVersionDate "2013.11.20"]
[SourceQuality "1"]

1. e4 c5 2. c3 d5 3. exd5 Qxd5 4. d4 g6 5. dxc5 Qxc5 6. Na3 Bg7 7. Nb5 a6 8. Be3 Qc6 9. Nd4 Qc7 10. g3 Nf6 11. Bg2 0-0 12. Qb3 Ng4 13. Nc2 Nd7 14. Ne2 Nc5 15. Bxc5 Qxc5 16. 0-0 Be6 17. Qb4 Qxb4 18. Nxb4 Rad8 19. Rfd1 Bc4 20. Nf4 a5 21. Nc2 e6 22. h3 Ne5 23. b3 Ba6 24. c4 b5 25. cxb5 Bxb5 26. Nd4 Ba6 27. Rac1 Rd6 28. Nc6 Rxd1+ 29. Rxd1 Nxc6 30. Bxc6 Rc8 31. Be4 g5 32. Ng2 f5 33. Bb1 Be2 34. Re1 Bb5 35. Rxe6 Rc1+ 36. Re1 Rxe1+ 37. Nxe1 Bd7 38. f4 gxf4 39. gxf4 Kf7 40. Kf2 Ke6 41. Ke3 Kd5 42. Nf3 Bf6 43. Bd3 Kc5 44. a3 Bb2 45. b4+ axb4 46. axb4+ Kxb4 47. Nh4 Bc1+ 48. Kf3 Kc5 49. Bxf5 Bxf5 50. Nxf5 Kd5 51. Ng3 Ke6 52. Kg4 Kf6 53. Ne4+ Kg6 54. Ng3 Bb2 55. h4 Bc1 56. h5+ Kf6 57. Ne4+ Kg7 58. Kg5 h6+ 59. Kf5 Kf7 60. Nf2 Kg7 61. Ng4 Bd2 62. Ke5 Bc1 63. Nf2 Kf7 64. Ne4 Bb2+ 65. Kf5 Ba3 66. Nf2 Bc1 67. Nd3 Ba3 68. Ke5 Be7 69. Nf2 Bf6+ 70. Kd6 Bh4 71. Ng4 Bg3 72. Nxh6+ Kf6 73. Ng8+ Kg7 74. Ke6 Bxf4 75. Nf6 Bc1 76. Ng4 1/2-1/2

[Event "Gibraltar Masters 11th"]
[Site "Caleta"]
[Date "2013.01.23"]
[Round "2"]
[White "Zygouris, Hristos"]
[Black "Kang, Leo J"]
[Result "1-0"]
[WhiteElo "2218"]
[BlackElo "2220"]
[PlyCount "113"]
[EventDate "2013.01.22"]
[EventType "swiss"]
[EventRounds "10"]
[EventCountry "GGB"]
[SourceTitle "CBM 153"]
[Source "ChessBase"]
[SourceDate "2013.03.14"]
[SourceVersion "1"]
[SourceVersionDate "2013.03.14"]
[SourceQuality "1"]

1. c4 Nf6 2. g3 d5 3. cxd5 Nxd5 4. Bg2 e6 5. Nc3 Bc5 6. Qb3 c6 7. Nf3 0-0 8. 0-0 Nd7 9. d4 Be7 10. e4 N5f6 11. Rd1 Qb6 12. Qc2 Rd8 13. Be3 Ng4 14. Bf4 Ngf6 15. a3 Nf8 16. Na4 Qa6 17. b4 Ng6 18. Bc7 Rd7 19. Bf1 b5 20. Ba5 Qb7 21. Nb2 Bd8 22. Bxd8 Rxd8 23. Rac1 Bd7 24. Ne5 Nxe5 25. dxe5 Ng4 26. Nd3 Qc7 27. Qc3 Be8 28. h3 Nh6 29. Nc5 Rxd1 30. Rxd1 Rd8 31. Rc1 Ra8 32. Nb3 Qb6 33. Nd4 Kh8 34. Nb3 Ng8 35. Rd1 Rd8 36. Rd6 Ne7 37. Qd2 Rb8 38. Kh2 h6 39. f4 g6 40. h4 Kg7 41. Bh3 Nc8 42. Nc5 Nxd6 43. exd6 Rd8 44. d7 Bxd7 45. Nxd7 Qc7 46. Qc3+ Kg8 47. Nf6+ Kf8 48. e5 a5 49. Bg2 axb4 50. axb4 Rc8 51. Qc5+ Qe7 52. Nh7+ Ke8 53. Bxc6+ Kd8 54. Qxb5 Qc7 55. Qd3+ Ke7 56. b5 Qb8 57. Qd7# 1-0